Preguntas a un Maestro Zen / (Record no. 28621)

MARC details
000 -LEADER
campo de control de longitud fija 00502nam a22001937a 4500
001 - NÚMERO DE CONTROL
campo de control 00028591
005 - FECHA Y HORA DE LA ÚLTIMA TRANSACCIÓN
campo de control 20260319142149.0
008 - DATOS DE LONGITUD FIJA--INFORMACIÓN GENERAL
campo de control de longitud fija 260319b ag ||||| |||| 00| 0 spa d
020 ## - NÚMERO INTERNACIONAL ESTÁNDAR DEL LIBRO
Número Internacional Estándar del Libro 9501609200
040 ## - FUENTE DE CATALOGACIÓN
Centro catalogador/agencia de origen AR-CcCEOS
Lengua de catalogación Español; Castellano
Centro/agencia transcriptor AR-CcCEOS
041 ## - CÓDIGO DE IDIOMA
Código de lengua del texto/banda sonora o título independiente Español; Castellano
080 ## - NÚMERO DE LA CLASIFICACIÓN DECIMAL UNIVERSAL
Número de la Clasificación Decimal Universal 294.3
090 ## - LOCALMENTE ASIGNADO TIPO-LC NÚMERO DE CLASIFICACIÓN (OCLC); NÚMERO DE CLASIFICACIÓN LOCAL (RLIN)
Número cutter local (OCLC) ; Número de libro/Signatura topográfica íntegra, CALL (RLIN) DES
100 1# - ENTRADA PRINCIPAL--NOMBRE DE PERSONA
Nombre de persona Deshimaru, Taisen
9 (RLIN) 922
245 ## - MENCIÓN DEL TÍTULO
Título Preguntas a un Maestro Zen /
Mención de responsabilidad, etc. Taisen Deshimaru
264 ## - PRODUCCIÓN, PUBLICACIÓN, DISTRIBUCIÓN, FABRICACIÓN Y COPYRIGHT
Producción, publicación, distribución, fabricación y copyright Argentina :
Nombre del de productor, editor, distribuidor, fabricante Troquel,
Fecha de producción, publicación, distribución, fabricación o copyright c1992.
300 ## - DESCRIPCIÓN FÍSICA
Extensión 151 p. ;
Dimensiones 24x15 cm.
942 ## - ELEMENTOS DE ENTRADA SECUNDARIOS (KOHA)
Fuente de la clasificación o esquema de estantería Clasificación decimal universal
Tipo de ítem Koha Libros
Suprimir en OPAC No
Holdings
Estatus retirado Estado de pérdida Fuente de la clasificación o esquema de estantería Estado de daño No para préstamo Biblioteca de origen Biblioteca actual Fecha de adquisición Número de inventario Total de préstamos Signatura topográfica completa Información codificada de la localización en otra ubicación Colección Código de barras Visto por última vez Precio de reemplazo Tipo de ítem Koha
    Clasificación decimal universal     Biblioteca Julio Serebrinsky Biblioteca Julio Serebrinsky 19/03/2026 46150   294.3 DES SER 46150 19/03/2026 19/03/2026 Libros